[Event "FRA-ch U16"]
[Site "Montlucon"]
[Date "2011.04.18"]
[Round "3"]
[White "Gregot, Stanislas"]
[Black "Salles, Louis"]
[Result "0-1"]
[WhiteElo "1505"]
[BlackElo "2008"]
[PlyCount "114"]
[EventDate "2011.04.17"]
[EventType "swiss"]
[EventRounds "9"]
[EventCountry "FRA"]
[SourceTitle "CBM 142 Extra"]
[Source "ChessBase"]
[SourceDate "2011.06.27"]
[SourceVersion "1"]
[SourceVersionDate "2011.06.27"]
[SourceQuality "1"]

1. e4 c5 2. Nf3 d6 3. d4 cxd4 4. Nxd4 Nf6 5. Nc3 a6 6. Be3 e6 7. f3 b5 8. a3 Bb7 9. Qd2 Nbd7 10. Be2 d5 11. exd5 Nxd5 12. Bg5 Qb6 13. 0-0-0 h6 14. Nxd5 Bxd5 15. Be3 Qb7 16. g3 b4 17. axb4 Bxb4 18. c3 Be7 19. Nf5 Bf8 20. Bf4 Nc5 21. Qe3 Rc8 22. Nd6+ Bxd6 23. Bxd6 Na4 24. Ba3 Qb3 25. Rxd5 Qxd5 26. Qa7 Qd7 27. Qxa6 Nc5 28. Bxc5 Rxc5 29. Rd1 Qc8 30. Bb5+ Ke7 31. Qd6+ Kf6 32. Qd4+ Kg6 33. Bd3+ f5 34. g4 Rg8 35. h4 Kh7 36. Qf4 Rd8 37. g5 Rxc3+ 38. bxc3 Qxc3+ 39. Bc2 Ra8 40. g6+ Kh8 41. Qa4 Qe3+ 42. Kb2 Qxf3 43. Qa5 Qb7+ 44. Kc1 Qb8 45. Qc3 Qf4+ 46. Qd2 Qxh4 47. Re1 Qf6 48. Rg1 Qa1+ 49. Bb1 Rc8+ 50. Qc2 Rxc2+ 51. Kxc2 Qa4+ 52. Kc1 Qa3+ 53. Kd2 Qb2+ 54. Kd3 Kg8 55. Rd1 Kf8 56. Ke3 Ke7 57. Kf4 Qf2+ 0-1